Najludniejsze miasta w Polsce zawierające w nazwie "szcz" - Statystyki

Ogólne statystyki
  • Ten quiz został rozwiązany 52 razy
  • Średni wynik to 3 z 10
Statystyki odpowiedzi
Miejsce Odpowiedź % Poprawnych
1 Szczecin
98%
2 Bydgoszcz
67%
3 Szczecinek
49%
7 Szczytno
37%
4 Pruszcz Gdański
22%
8 Choszczno
18%
10 Włoszczowa
14%
6 Pszczyna
10%
5 Czerwionka-Leszczyny
8%
9 Brzeszcze
4%
Nie znaleziono quizów pasujących do podanych kryteriów
Rozkład punktacji
Procent ludzi z każdym wynikiem
Percentyl według liczby udzielonych odpowiedzi
Twoja historia wyników
Nie rozwiązałeś tego quizu